书目信息 |
| 题名: |
知识论语境主义研究
|
|
| 作者: | 阳建国 著 | |
| 分册: | ||
| 出版信息: | 长沙 湖南大学出版社 2016 |
|
| 页数: | 114页 | |
| 开本: | 23cm | |
| 丛书名: | 政治与社会哲学丛书 | |
| 单 册: | ||
| 中图分类: | G302 | |
| 科图分类: | ||
| 主题词: | 知识论--zhi shi lun--研究 | |
| 电子资源: | ||
| ISBN: | 978-7-5667-1065-9 | |
| 000 | 00960nam0 22002651 450 | |
| 001 | 0119165221 | |
| 005 | 20170619165221.0 | |
| 010 | @a978-7-5667-1065-9@dCNY28.00 | |
| 100 | @a20160612d2016 em y0chiy50 ea | |
| 101 | 0 | @achi |
| 102 | @aCN@b430000 | |
| 105 | @ay z 000yy | |
| 106 | @ar | |
| 200 | 1 | @a知识论语境主义研究@9zhi shi lun yu jing zhu yi yan jiu@f阳建国著 |
| 210 | @a长沙@c湖南大学出版社@d2016 | |
| 215 | @a114页@d23cm | |
| 225 | 2 | @a政治与社会哲学丛书@9zheng zhi yu she hui zhe xue cong shu@f李建华,左高山主编 |
| 300 | @a教育部人文社会科学研究青年基金项目 | |
| 330 | @a本书内容包括:导论;语境主义的目标、策略与论证;语境主义的流派分析;不变主义对语境主义的异议;归赋者语境主义与怀疑论问题;怀疑论论证的结构。 | |
| 461 | 0 | @12001 @a政治与社会哲学丛书 |
| 606 | 0 | @a知识论@9zhi shi lun@x研究 |
| 690 | @aG302@v5 | |
| 701 | 0 | @a阳建国@9yang jian guo@f(1972~)@4著 |
| 801 | 0 | @aCN@b百万庄@c20170616 |
| 905 | @b1010343-8@dG302@e195@f6 | |
| 知识论语境主义研究/阳建国著.-长沙:湖南大学出版社,2016 |
| 114页;23cm.-(政治与社会哲学丛书/李建华,左高山主编) |
| 教育部人文社会科学研究青年基金项目 |
| ISBN 978-7-5667-1065-9:CNY28.00 |
| 本书内容包括:导论;语境主义的目标、策略与论证;语境主义的流派分析;不变主义对语境主义的异议;归赋者语境主义与怀疑论问题;怀疑论论证的结构。 |
| ● |
| 相关链接 |
|
|
|
|
正题名:知识论语境主义研究
索取号:G302/195
 
预约/预借
| 序号 | 登录号 | 条形码 | 馆藏地/架位号 | 状态 | 备注 |
| 1 | 1010343 | 210103430 | 第一样本阅览室/ [索取号:G302/195] | 在馆 | |
| 2 | 1010344 | 210103449 | 教育系资料室/ [索取号:G302/195] | 在馆 | |
| 3 | 1010345 | 210103458 | 教育系资料室/ [索取号:G302/195] | 在馆 | |
| 4 | 1010346 | 210103467 | 教育系资料室/ [索取号:G302/195] | 在馆 | |
| 5 | 1010347 | 210103476 | 第四借阅区/ [索取号:G302/195] | 在馆 | |
| 6 | 1010348 | 210103485 | 第四借阅区/ [索取号:G302/195] | 在馆 |